| 000 | 01535cam a2200409 i 4500 | ||
|---|---|---|---|
| 999 |
_c511430 _d511430 |
||
| 001 | 19177440 | ||
| 005 | 20190923053047.0 | ||
| 008 | 151211s2015 ii a b 000 0 eng d | ||
| 010 | _a 2016317539 | ||
| 020 | _a9780143425489 (volume 1) | ||
| 020 | _a9780143425496 (volume 2) | ||
| 025 | _aI-E-2016317539; 19-92 | ||
| 035 | _a(OCoLC)ocn932121621 | ||
| 035 | _a(OCoLC)932121621 | ||
| 037 | _aLibrary of Congress -- New Delhi Overseas Office | ||
| 040 |
_aDKAGE _beng _erda _cDKAGE _dOCLCO _dYDXCP _dOCLCF _dOCL _dOCLCQ _dDLC |
||
| 042 |
_alccopycat _alcode |
||
| 043 | _aa-ii--- | ||
| 050 | 0 | 0 |
_aN6350 _b.V65 2015 |
| 082 | 0 | 4 |
_a709.04 _223 |
| 245 | 0 | 0 |
_a[Voices ; Images] / _cedited by Alka Pande. |
| 300 |
_a2 volumes : _billustrations ; _c22 cm |
||
| 500 | _aTitle from box. | ||
| 500 | _aMost of the essays previously published in IHC Visual arts journal. | ||
| 500 | _a"Visual Arts Gallery, India Habitat Centre." | ||
| 504 | _aIncludes bibliographical references. | ||
| 505 | 0 | _avolume one. Voices -- volume two. Images. | |
| 650 | 0 |
_aArt, Modern _y20th century. _911154 |
|
| 650 | 0 |
_aArt, Modern _y21st century. _911155 |
|
| 650 | 0 |
_aArt, Indic _y20th century. _911156 |
|
| 650 | 0 |
_aArt, Indic _y21st century. _911157 |
|
| 650 | 0 |
_aPhotography, Artistic. _911158 |
|
| 700 | 1 |
_aPande, Alka, _eeditor. _911159 |
|
| 710 | 2 |
_aVisual Arts Gallery (New Delhi, India), _ehost institution. _911160 |
|
| 906 |
_a7 _bcbc _ccopycat _d3 _encip _f20 _gy-gencatlg |
||